000 00289nam a22001337a 4500
008 170622b xxu||||| |||| 00| 0 eng d
020 _a0029303605
041 _aeng
080 _a94
100 _a16
101 _aSHH
245 _aEAGLE AGAINST THE SUN
_cSPECTOR,R.H
942 _2udc
_cBK
999 _c18647
_d18647